| 000 | 00782nam a2200229 u 4500 | ||
|---|---|---|---|
| 001 | 000020448 | ||
| 005 | 20240412074249.0 | ||
| 008 | 100813s2016 dr 000 p spa d | ||
| 020 | _a9789945492736 | ||
| 040 |
_aDO-SdBNP _bspa _cBNPHU |
||
| 082 |
_aRD861.5 _bN789c |
||
| 100 | 1 |
_aNolasco, Gicela _943122 |
|
| 245 | 1 | 0 |
_aLa Cigua Palmera y Madam Sagá / _cGicela Nolasco. |
| 260 |
_aSanto Domingo, : _bNacional, _c2016. |
||
| 300 |
_a39 p. ; _c23 cm. |
||
| 500 | _aIncluye datos biográficos del autor en la solapa de la cubierta | ||
| 590 | _aInventariado, 2019 / DG | ||
| 586 | _aPremio Nacional de Literatura Infantil Aurora Tavárez Belliard 2015 | ||
| 650 | 0 |
_aPoesía dominicana _966 |
|
| 650 | 0 |
_aLiteratura dominicana. _967 |
|
| 910 | _aValidado. Control de calidad MFF | ||
| 999 |
_c19952 _d19952 |
||